Statistics for What college did this MLB player attend?

Click here to take the quiz!

General Stats

  • This quiz has been taken 19 times
  • The average score is 15 of 25

Answer Stats

QuestionAnswer% Correct
Dansby Swanson (CHC)Vanderbilt University
95%
Mike Trout (LAA)Drafted out of High School
89%
Bryce Harper (PHI)Drafted out of High School
89%
Trea Turner (PHI)North Carolina State University
89%
Gerrit Cole (NYY)UCLA
84%
Anthony Rendon (LAA)Rice University
79%
Aaron Judge (NYY)Cal-State Fresno
74%
Andrew Benintendi (CHW)University of Arkansas
74%
George Springer (TOR)University of Conneticutt
74%
Marcus Stroman (CHC)Duke University
68%
Justin Verlander (HOU)Old Dominon University
63%
Jacob DeGrom (TEX)Stetson University
63%
Kyle Schwarber (PHI)University of Indiana
63%
Max Scherzer (TEX)University of Missouri
63%
Cedric Mullins ( BAL)Campbell University
58%
Marcus Semien (TEX)University of Cal-Berkeley
58%
Corbin Burnes (MIL)St. Mary's University
53%
Max Muncy (LAD)Baylor University
42%
Paul Goldschmidt (STL)Texas State University
37%
Jose Trevino (NYY)Oral Roberts University
32%
Tommy Edman (STL)Stanford University
32%
C.J. Cron (LAA)University of Utah
32%
Ryan Pressley (HOU)American Heritage University
26%
Rich Hill (SD)University of Michigan
26%
Bo Bichette (TOR)Arizona State University
16%

Score Distribution

Percentile by Number Answered

Percent of People with Each Score

Your Score History

You have not taken this quiz